000
00355nam a2200121Ia 4500
008
151001s9999||||xx |||||||||||||| ||und||
100
_a
ललिता बापट
245
_a
शलाका
250
_a
1
260
_b
बांदोडकर पब्लिशिंग कंपनी मुंबई
300
_a
189
365
_b
18
999
_c
970758
_d
970755